الطرائف الأدبية ;; al-Ṭarāʼif al-adabīyah / (Record no. 78635)
[ view plain ]
| 000 -LEADER | |
|---|---|
| fixed length control field | 01373nam a22002771i 4500 |
| 001 - CONTROL NUMBER | |
| control field | 78635 |
| 003 - CONTROL NUMBER IDENTIFIER | |
| rucl marc code | BD-RjUL |
| 005 - DATE AND TIME OF LATEST TRANSACTION | |
| control field | 20211209083145.0 |
| 008 - FIXED-LENGTH DATA ELEMENTS--GENERAL INFORMATION | |
| fixed length control field | 211025s 1937le b 00010 arax |
| 020 ## - INTERNATIONAL STANDARD BOOK NUMBER | |
| Terms of availability | £E4.00 |
| 035 ## - SYSTEM CONTROL NUMBER | |
| System control number | (BD-RjUL)78861 |
| 040 ## - CATALOGING SOURCE | |
| Transcribing agency | NN |
| Modifying agency | NN |
| -- | UkOxU |
| Original cataloging agency | BD-RjUL |
| Language of cataloging | eng |
| 041 ## - LANGUAGE CODE | |
| Language code of text/sound track or separate title | ara |
| 082 ## - DEWEY DECIMAL CLASSIFICATION NUMBER | |
| Edition number | 23 |
| Classification number | 892.71 |
| Author mark and year | MAT 1937 |
| 100 ## - MAIN ENTRY--PERSONAL NAME | |
| Personal name | ميموني, عبد العزيز;; Maimani , Abdul Aziz , |
| 9 (RLIN) | 249331 |
| 245 03 - TITLE STATEMENT | |
| Title | الطرائف الأدبية ;; al-Ṭarāʼif al-adabīyah / |
| Statement of responsibility, etc. | صححه وخرجه وعارضه على النسخ المختلفة وذيله عبد العزيز الميمني.;; ṣaḥḥaḥahu wa-kharrajahu wa-ʿāraḍahu ʿalá al-nusakh al-mukhtalifah wa-dhayyalahu ʿAbd al-ʿAzīz al-Maymanī. |
| 260 ## - PUBLICATION, DISTRIBUTION, ETC. (IMPRINT) | |
| Linkage | 880-02 |
| Place of publication, distribution, etc. | Bayrūt : |
| Name of publisher, distributor, etc. | Dār al-Kutub al-ʿIlmīyah, |
| Date of publication, distribution, etc. | [197-?] |
| 300 ## - PHYSICAL DESCRIPTION | |
| Pagination | 4, 305 p. ; |
| Size | 25 cm. |
| 500 ## - GENERAL NOTE | |
| General note | Reprint. Originally published : Cairo, 1937. |
| 504 ## - BIBLIOGRAPHY, ETC. NOTE | |
| Bibliography, etc | Includes bibliographical references. |
| 650 #0 - SUBJECT ADDED ENTRY--TOPICAL TERM | |
| Topical term or geographic name as entry element | Arabic poetry. |
| 9 (RLIN) | 249332 |
| 880 02 - ALTERNATE GRAPHIC REPRESENTATION | |
| Linkage | 245-01/(3/r |
| a | الطرائف الأدبية / |
| c | صححه وخرجه وعارضه على النسخ المختلفة وذيله عبد العزيز الميمني. |
| Linkage | 260-02/(3/r |
| a | بيروت : |
| b | دار الکتب العلمية، |
| c | [-٧٩١؟] |
| Linkage | 700-03/(3/r |
| a | راجکوتي، عبد العزيز الميمني. |
| 942 ## - ADDED ENTRY ELEMENTS (KOHA) | |
| Source of classification or shelving scheme | Dewey Decimal Classification |
| Koha item type | Books |
| Lost status | Source of classification or shelving scheme | Damaged status | Not for loan | Collection code | Permanent Location | Current Location | Shelving location | Date acquired | Total Checkouts | Full call number | Date last seen | Copy number | Koha item type |
|---|---|---|---|---|---|---|---|---|---|---|---|---|---|
| Dewey Decimal Classification | Not For Loan | Non-fiction | Central Library, University of Rajshahi | Central Library, University of Rajshahi | Reading Room | 25/10/2021 | A 892.71 MAT 1937 | 25/10/2021 | C-1 | Books |